00643nam a2200133Ia 4500008004100000100002100041245007200062260003600134650016900170650001300339856004400352999001900396952009400415171212s9999 xx 000 0 und d aHerczl, Moshe Y. cHerczl, Moshe Y.aChristianity and the Holocaust of Hungarian Jewry bNew York University Pressc1993 aJews -- Hungary -- History; Antisemitism -- Hungary -- History; Christianity and antisemitism; Holocaust, Jewish (1939-1945) -- Hungary; Hungary -- Ethnic relations aReligion uhttp://www.jstor.org/stable/j.ctt9qg6vj c351525d351525 001040aCLbCLd2017-12-12l0oDS 135.H9 .H46 1993r2017-12-12 00:00:00w2017-12-12yCBE